|
|
|
|
| LEADER |
00643nab a2200193 i 4500 |
| 001 |
acta15216 |
| 005 |
20210409080826.0 |
| 008 |
161015s1989 hu o 0|| eng d |
| 022 |
|
|
|a 0001-6969
|
| 040 |
|
|
|a SZTE Egyetemi Kiadványok Repozitórium
|b hun
|
| 041 |
|
|
|a eng
|
| 100 |
1 |
|
|a Névai G. Pál
|
| 245 |
1 |
0 |
|a Orthogonal polynomials and their zeros
|h [elektronikus dokumentum] /
|c Névai G. Pál
|
| 260 |
|
|
|c 1989
|
| 300 |
|
|
|a 99-104
|
| 490 |
0 |
|
|a Acta scientiarum mathematicarum
|v 53 No. 1-2
|
| 695 |
|
|
|a Matematika
|
| 700 |
0 |
1 |
|a Totik Vilmos
|e aut
|
| 856 |
4 |
0 |
|u http://acta.bibl.u-szeged.hu/15216/1/math_053_fasc_001_002_099-104.pdf
|z Dokumentum-elérés
|